Moj -e- idrak (Record no. 330604)
[ view plain ]
| 000 -LEADER | |
|---|---|
| fixed length control field | 00537 a2200181 4500 |
| 003 - CONTROL NUMBER IDENTIFIER | |
| control field | Nust |
| 005 - DATE AND TIME OF LATEST TRANSACTION | |
| control field | 20170725121239.0 |
| 008 - FIXED-LENGTH DATA ELEMENTS--GENERAL INFORMATION | |
| fixed length control field | 170725b xxu||||| |||| 00| 0 eng d |
| 040 ## - CATALOGING SOURCE | |
| Transcribing agency | Nust |
| 082 ## - DEWEY DECIMAL CLASSIFICATION NUMBER | |
| Classification number | 891.4391 |
| Author Mark | NAQ |
| 100 ## - MAIN ENTRY--PERSONAL NAME | |
| Personal name | Naqvi, Mohsin |
| 9 (RLIN) | 1414 |
| 245 ## - TITLE STATEMENT | |
| Title | Moj -e- idrak |
| Statement of responsibility, etc. | Mohsin Naqvi |
| 260 ## - PUBLICATION, DISTRIBUTION, ETC. | |
| Place of publication, distribution, etc. | Lahore: |
| Name of publisher, distributor, etc. | Mavra Publisher, |
| Date of publication, distribution, etc. | 2008 |
| 300 ## - PHYSICAL DESCRIPTION | |
| Extent | 160 p |
| 500 ## - GENERAL NOTE | |
| General note | Poetry |
| 546 ## - LANGUAGE NOTE | |
| Language note | In Urdu |
| 650 ## - SUBJECT ADDED ENTRY--TOPICAL TERM | |
| Topical term or geographic name entry element | Urdu Poetry |
| 9 (RLIN) | 751 |
| 880 ## - ALTERNATE GRAPHIC REPRESENTATION | |
| Linkage | 100-01\(3\r |
| Title | محسن نقوی |
| 880 ## - ALTERNATE GRAPHIC REPRESENTATION | |
| Linkage | 245-02\(3\r |
| Title | موج ادراک |
| c | محسن نقوی |
| 880 ## - ALTERNATE GRAPHIC REPRESENTATION | |
| Linkage | 260-03\(3\r |
| Title | لاہور: |
| b | ماورا، |
| c | 2008 |
| 942 ## - ADDED ENTRY ELEMENTS (KOHA) | |
| Source of classification or shelving scheme | |
| Koha item type | Book |
| Withdrawn status | Lost status | Source of classification or shelving scheme | Damaged status | Not for loan | Permanent Location | Current Location | Shelving location | Date acquired | Total Checkouts | Full call number | Barcode | Date last seen | Date last checked out | Copy number | Price effective from | Koha item type |
|---|---|---|---|---|---|---|---|---|---|---|---|---|---|---|---|---|
| Central Library (CL) | Central Library (CL) | Fiction | 07/25/2017 | 4 | 891.4391 NAQ | CL1940 | 04/17/2025 | 03/15/2025 | 1 | 07/25/2017 | Book |
